| 000 | 00771nam a22002057a 4500 | ||
|---|---|---|---|
| 005 | 20251108173546.0 | ||
| 008 | 250721s2007 xx 000 0 ara d | ||
| 020 | _a9957380699 | ||
| 082 | 1 | 4 | _a910.92/عبا |
| 100 | 1 | _aالعبادي، أحمد عويدي | |
| 245 | 1 | 0 | _aالإرتباط بين الدراسات التاريخية و الجغرافيا في تراث المسعودي ( القرن الرابع الهجري ت عام 346 هـ) ( القرن العاشر الميلادي) / |
| 264 | 1 |
_aعمان : _bدار جرير للنشر و التوزيع، _c2007. |
|
| 300 | _a223 ص. | ||
| 650 | 1 | 7 | _aالجغرافيون |
| 650 | 1 | 7 | _aالتراجم |
| 650 | 1 | 7 | _aالجغرافيا |
| 650 | 1 | 7 | _aالرحالة |
| 942 |
_2ddc _cBK |
||
| 999 |
_c106797 _d106797 |
||